Представление документа в формате MARC21

ПолеНазваниеЗначение
  Тип записи a
  Библиографический уровень m
001 Контрольный номер RU/URAIT/590415
005 Дата корректировки 20260429163648.7
008 Кодируемые данные 260429s2026 RU y f j 000 0 rus u
020 Индекс ISBN __
a ISBN 978-5-534-20127-7
c Цена, тираж 549.00
040 Источник каталогиз. __
a Служба первич. каталог. ИКО Юрайт
c Служба, преобразующая запись ИКО Юрайт
e Правила каталог. RCR
041 Код языка издания __
a Код языка текста rus
044 Код страны публикации __
a Код страны публикации RU
080 Индекс УДК __
a Индекс УДК 636.39(075.8)
084 Индекс другой классификации/Индекс ББК __
2 Источник индекса rubbk
a Индекс другой классификации/Индекс ББК 46.6я73
100 Автор __
a Автор Тощев В. К.
q Полное имя Тощев Виктор Кузьмич
245 Заглавие __
a Заглавие Технология производства продукции козоводства
b Продолж. заглавия учебное пособие для спо
c Ответственность В. К. Тощев, Е. В. Царегородцева.
256 Характеристики компьютерного файла __
a Характеристики компьютерного файла Электрон. дан.
260 Выходные данные __
a Место издания Москва
b Издательство Юрайт
c Дата издания 2026
300 Физическое описание __
a Объем 89 с
440 Серия __
a Серия Профессиональное образование
500 Примечания __
a Примечание URL: https://urait.ru/bcode/590415 (дата обращения: 29.04.2026).
520 Аннотация __
a Аннотация В курсе изложена информация о технологических приемах получения и переработки молока, мяса, пуха, шерсти, козлин, а также о биологических особенностях коз. Соответствует актуальным требованиям федерального государственного образовательного стандарта среднего профессионального образования и профессиональным требованиям.
538 Прим. о системных особенностях __
a Прим. о системных особенностях Режим доступа: Электронно-библиотечная система Юрайт, для авториз. пользователей
653 Ключевые слова __
a Ключевые слова Сельское хозяйство
653 Ключевые слова __
a Ключевые слова Сельскохозяйственные науки
653 Ключевые слова __
a Ключевые слова Технологии механизированных работ в животноводстве
653 Ключевые слова __
a Ключевые слова Технология производства продукции козоводства
653 Ключевые слова __
a Ключевые слова Технология производства продукции животноводства
700 Другие авторы __
a Другие авторы Царегородцева Е. В.
q Полное имя Царегородцева Елена Васильевна
856 Электронный адрес документа 40
n Местонахождение сервера Юрайт
g Электронная книга
q Тип электронного формата html
h Имя пользователя ЮРАЙТ
v Часы доступа к ресурсу 20271231
2 Способ доступа Показать документ
x Служебное примечание https://urait.ru/book/cover/9CD1D196-A8F2-4006-992F-EFCFFAC0FECA
u URL https://urait.ru/bcode/590415
856 Электронный адрес документа 48
q Тип электронного формата cover
u URL https://urait.ru/book/cover/9CD1D196-A8F2-4006-992F-EFCFFAC0FECA
911 __
u 0030=https://urait.ru/bcode/590415
911 __
u 073a=9785534201277
u 073d=549.00
911 __
u 106a=s
911 __
u 900l=
952 Тип литературы __
i Дисциплина Технологии механизированных работ в животноводстве
952 Тип литературы __
i Дисциплина Технология производства продукции козоводства
952 Тип литературы __
i Дисциплина Технология производства продукции животноводства